[Event "Hillerod Byturnering Basis 1 2013"]
[Site "Hillerod"]
[Date "2013.04.30"]
[Round "1"]
[White "Linderod, Lars Erik"]
[Black "Paulsen, Laurids"]
[Result "1-0"]
[WhiteElo "1841"]
[BlackElo "1759"]
[PlyCount "93"]
[EventDate "2013.??.??"]

1. e4 e6 2. d4 d5 3. e5 c5 4. Qg4 cxd4 5. Nf3 Nc6 6. Bd3 Nge7 7. O-O Qc7 8. Re1
Nb4 9. Bd2 Nxd3 10. cxd3 Ng6 11. h4 Bd7 12. h5 Ne7 13. Na3 Nf5 14. Nxd4 Nxd4
15. Qxd4 Qc5 16. Qf4 h6 17. Rab1 b5 18. b4 Qe7 19. Nc2 g5 20. hxg6 fxg6 21. Nd4
Bg7 22. Rec1 g5 23. Qg3 O-O 24. Rc7 a6 25. f4 Qd8 26. Rc5 Qb8 27. Rbc1 gxf4 28.
Bxf4 Rxf4 29. Qxf4 Bxe5 30. Qg4+ Kh7 31. Rf1 Qe8 32. Nf3 Bd6 33. Rc2 Qe7 34. d4
Rg8 35. Qh4 Qg7 36. Ne5 Bxe5 37. dxe5 Qxe5 38. Rf7+ Rg7 39. Rxg7+ Qxg7 40. Qd8
Qd4+ 41. Kh2 Kg6 42. Qg8+ Kh5 43. Qf7+ Kg5 44. Rf2 Qe5+ 45. g3 Bc6 46. Qg8+ Kh5
47. Rf4 1-0

[Event "Hillerod Byturnering Basis 1 2013"]
[Site "Hillerod"]
[Date "2013.04.30"]
[Round "1"]
[White "Nielsen, Frode Benedikt"]
[Black "Samuelsen, Hans"]
[Result "1-0"]
[WhiteElo "1893"]
[BlackElo "1830"]
[PlyCount "99"]
[EventDate "2013.??.??"]

1. e4 e5 2. d4 exd4 3. Qxd4 Nc6 4. Qe3 Be7 5. Nc3 d6 6. Bd2 Be6 7. O-O-O Nf6 8.
Qg3 Nh5 9. Qe3 Nf6 10. f4 Ng4 11. Qe1 Bf6 12. h3 Nh6 13. g4 Ng8 14. Nf3 Nd4 15.
Qf2 Nxf3 16. Qxf3 g5 17. e5 dxe5 18. Qxb7 gxf4 19. Bxf4 Qc8 20. Qc6+ Kf8 21.
Ba6 Qe8 22. Qc5+ Qe7 23. Be3 Qxc5 24. Bxc5+ Be7 25. Ne4 Bxc5 26. Nxc5 Ke7 27.
Rhe1 f6 28. g5 Bxh3 29. gxf6+ Kxf6 30. Nd7+ Bxd7 31. Rxd7 Ne7 32. Bc4 Ng6 33.
Rf7+ Kg5 34. Rg1+ Kh6 35. Bd3 Rhf8 36. Rh1+ Kg5 37. Rfxh7 Nf4 38. Be4 Rad8 39.
Rxc7 Ne2+ 40. Kb1 Ng3 41. Rg7+ Kf4 42. Rh4+ Ke3 43. Rxg3+ Kf2 44. Rg2+ Ke3 45.
c3 Rd1+ 46. Kc2 Rdf1 47. Rg3+ Kf2 48. Rhh3 Rg1 49. Rxg1 Kxg1 50. Rf3 1-0

[Event "Hillerod Byturnering Basis 1 2013"]
[Site "Hillerod"]
[Date "2013.04.30"]
[Round "1"]
[White "Oland, Arne"]
[Black "Ruhnau, Klaus Kjaerulf"]
[Result "1-0"]
[WhiteElo "1915"]
[BlackElo "1761"]
[PlyCount "45"]
[EventDate "2013.??.??"]

1. d4 Nf6 2. c4 e6 3. Nc3 d5 4. Nf3 c6 5. e3 Bb4 6. Bd2 Nbd7 7. Bd3 dxc4 8.
Bxc4 Bd6 9. e4 e5 10. Bg5 h6 11. Bh4 Qa5 12. O-O exd4 13. Qxd4 Bc5 14. Qd3 O-O
15. a3 b5 16. Ba2 b4 17. axb4 Qxb4 18. Rfd1 a5 19. Qc2 Ba7 20. Bg3 Bb8 21. e5
Nh5 22. e6 Ndf6 23. exf7+ 1-0

[Event "Hillerod Byturnering Basis 1 2013"]
[Site "Hillerod"]
[Date "2013.05.07"]
[Round "2"]
[White "Knudsen, Jes West"]
[Black "Oland, Arne"]
[Result "1/2-1/2"]
[WhiteElo "1848"]
[BlackElo "1915"]
[PlyCount "89"]
[EventDate "2013.??.??"]

1. e4 c6 2. d4 d5 3. f3 dxe4 4. fxe4 Nf6 5. e5 Bg4 6. Nf3 Nd5 7. Bc4 e6 8. O-O
Be7 9. Nc3 Nxc3 10. bxc3 Nd7 11. Qe1 Bf5 12. Bb3 Nb6 13. a4 a5 14. Ba3 O-O 15.
Bxe7 Qxe7 16. Nh4 Bg6 17. c4 Rfd8 18. Nxg6 hxg6 19. Qf2 Nd7 20. Rae1 Nf8 21. c3
Rd7 22. c5 Rb8 23. Rb1 Qd8 24. Bc2 b6 25. cxb6 Rxb6 26. Rxb6 Qxb6 27. Rb1 Qd8
28. Qf3 Rc7 29. Rf1 Qd5 30. Rb1 Nd7 31. Bb3 Qxf3 32. gxf3 c5 33. d5 exd5 34.
Bxd5 Nxe5 35. Rb8+ Kh7 36. Rb5 Nd3 37. Rxa5 Re7 38. Be4 c4 39. Rd5 Nf4 40. Rc5
f5 41. Bc6 Nd3 42. Rxc4 Re1+ 43. Kg2 Re2+ 44. Kg1 Re1+ 45. Kg2 1/2-1/2

[Event "Hillerod Byturnering Basis 1 2013"]
[Site "Hillerod"]
[Date "2013.04.30"]
[Round "2"]
[White "Nielsen, Frode Benedikt"]
[Black "Borg, Flemming"]
[Result "1-0"]
[WhiteElo "1893"]
[BlackElo "1822"]
[PlyCount "85"]
[EventDate "2013.??.??"]

1. c4 d6 2. g3 e5 3. Bg2 Nf6 4. Nc3 c6 5. e3 Qc7 6. Nge2 Nbd7 7. O-O Be7 8. b3
Nf8 9. d4 Ng6 10. d5 c5 11. Qd3 h5 12. Bb2 h4 13. f4 hxg3 14. Nxg3 Bh3 15. Bxh3
Rxh3 16. Nb5 Qd7 17. fxe5 dxe5 18. Qf5 O-O-O 19. Bxe5 Nxe5 20. Qxe5 Bd6 21.
Nxd6+ Qxd6 22. Qxd6 Rxd6 23. Rf4 g5 24. Rf5 Ng4 25. Nf1 Rdh6 26. Rxg5 Nxh2 27.
Nxh2 Rxh2 28. Rf1 Rxa2 29. Rxf7 Rh8 30. Rgg7 b6 31. d6 Rd8 32. Rc7+ Kb8 33.
Rb7+ Ka8 34. Rbd7 Rxd7 35. Rxd7 Kb8 36. e4 Kc8 37. Re7 Re2 38. e5 a6 39. Kf1
Re4 40. Kf2 Rf4+ 41. Ke3 Rf8 42. Ke4 b5 43. Kd5 1-0

[Event "Hillerod Byturnering Basis 1 2013"]
[Site "Hillerod"]
[Date "2013.05.07"]
[Round "2"]
[White "Samuelsen, Hans"]
[Black "Paulsen, Laurids"]
[Result "1-0"]
[WhiteElo "1830"]
[BlackElo "1759"]
[PlyCount "99"]
[EventDate "2013.??.??"]

1. d4 Nf6 2. c4 g6 3. Nc3 d6 4. Nf3 Bg7 5. e3 O-O 6. Be2 Nbd7 7. O-O e5 8. Qc2
Re8 9. b3 a6 10. Bb2 Nf8 11. dxe5 dxe5 12. Rad1 Qe7 13. e4 Bg4 14. h3 Bxf3 15.
Bxf3 c6 16. Qc1 Rad8 17. Ba3 Qc7 18. Rxd8 Rxd8 19. Rd1 Ne6 20. Rxd8+ Qxd8 21.
Bb2 Nd4 22. Bd1 Nd7 23. b4 Nf8 24. c5 Qh4 25. Qe3 Nfe6 26. Ne2 Qd8 27. Nc3 Nf4
28. Na4 Nf5 29. Qe1 Qg5 30. Qf1 Nd4 31. Kh1 Nh5 32. Bg4 Qf4 33. Bxh5 gxh5 34.
Nc3 Qd2 35. Ba1 Nc2 36. Kg1 Nxb4 37. a3 Nc2 38. Nb1 Qe1 39. Qxe1 Nxe1 40. Nd2
Nd3 41. Nb3 f6 42. Bc3 Bf8 43. Bb4 Kf7 44. Kf1 Ke6 45. Ke2 Nf4+ 46. Kf3 Nd3 47.
Ke2 Nf4+ 48. Kf3 Nd3 49. g3 Ne1+ 50. Bxe1 1-0

[Event "Hillerod Byturnering Basis 1 2013"]
[Site "Hillerod"]
[Date "2013.05.14"]
[Round "3"]
[White "Borg, Flemming"]
[Black "Samuelsen, Hans"]
[Result "1-0"]
[WhiteElo "1822"]
[BlackElo "1830"]
[PlyCount "71"]
[EventDate "2013.??.??"]

1. e4 e5 2. Bc4 Nf6 3. d3 h6 4. Bb3 Bc5 5. Nf3 d6 6. c3 O-O 7. h3 Be6 8. Bc2
Nc6 9. O-O d5 10. b4 Bd6 11. Be3 dxe4 12. dxe4 Ne7 13. Nbd2 Ng6 14. Qe2 c6 15.
Nb3 b6 16. Rfd1 Qe7 17. Nfd2 Nd7 18. Nc4 Bc7 19. a4 Nf4 20. Bxf4 exf4 21. Nd4
c5 22. Nxe6 fxe6 23. e5 cxb4 24. Qe4 Nxe5 25. Nxe5 Bxe5 26. Qxe5 f3 27. g3 bxc3
28. Qxc3 Rac8 29. Qb3 Kh8 30. Rd3 Qc5 31. Bd1 Qe5 32. Ra2 Rc1 33. Rad2 Qe1+ 34.
Kh2 Rfc8 35. Rd8+ Kh7 36. Qd3+ 1-0

[Event "Hillerod Byturnering Basis 1 2013"]
[Site "Hillerod"]
[Date "2013.05.14"]
[Round "3"]
[White "Linderod, Lars Erik"]
[Black "Knudsen, Jes West"]
[Result "1/2-1/2"]
[WhiteElo "1841"]
[BlackElo "1848"]
[PlyCount "75"]
[EventDate "2013.??.??"]

1. e4 Nf6 2. Nc3 d5 3. e5 Ne4 4. d4 Nxc3 5. bxc3 c5 6. Bd3 Qa5 7. Bd2 c4 8. Be2
Bf5 9. Qb1 Nd7 10. Nf3 h6 11. Nh4 Bh7 12. e6 fxe6 13. Bh5+ Kd8 14. Ng6 Bxg6 15.
Bxg6 Qb6 16. O-O e5 17. Qxb6+ axb6 18. Bf7 Ra3 19. Rfb1 e6 20. Bxe6 Bd6 21.
Bxd7 Kxd7 22. Rxb6 Rha8 23. Rxb7+ Ke6 24. Rxg7 Rxa2 25. Rxa2 Rxa2 26. g3 Rxc2
27. Be1 exd4 28. Rg6+ Kd7 29. Rg7+ Kc6 30. cxd4 Rc1 31. Kf1 Rd1 32. Rg6 c3 33.
Ke2 c2 34. Bd2 c1=Q 35. Bxc1 Rxc1 36. Rxh6 Rc2+ 37. Ke3 Rc3+ 38. Ke2 1/2-1/2

[Event "Hillerod Byturnering Basis 1 2013"]
[Site "Hillerod"]
[Date "2013.05.14"]
[Round "3"]
[White "Oland, Arne"]
[Black "Nielsen, Frode Benedikt"]
[Result "0-1"]
[WhiteElo "1915"]
[BlackElo "1893"]
[PlyCount "74"]
[EventDate "2013.??.??"]

1. d4 Nf6 2. c4 c5 3. d5 e6 4. Nc3 exd5 5. cxd5 d6 6. e4 g6 7. Be2 Bg7 8. Nf3
O-O 9. Bg5 h6 10. Bh4 g5 11. Bg3 Nh5 12. Qd2 a6 13. a4 Nxg3 14. hxg3 Qe8 15.
Ra3 Nd7 16. Qc2 Ne5 17. Nd2 Ng6 18. O-O Qe7 19. Nc4 Bd7 20. Nb6 Rae8 21. Re1
Bd4 22. Bh5 Bf5 23. Re2 Bxc3 24. Qxc3 Bxe4 25. f3 Qc7 26. fxe4 Qxb6 27. Rb3 Qc7
28. Bxg6 fxg6 29. a5 Re5 30. Rb6 Qe7 31. Qe1 Rf7 32. b4 cxb4 33. Rxb4 Qc7 34.
Rb6 Qc5+ 35. Kh2 g4 36. Re3 Rf1 37. Qxf1 Qxe3 0-1

[Event "Hillerod Byturnering Basis 1 2013"]
[Site "Hillerod"]
[Date "2013.05.21"]
[Round "4"]
[White "Knudsen, Jes West"]
[Black "Paulsen, Laurids"]
[Result "1-0"]
[WhiteElo "1848"]
[BlackElo "1759"]
[PlyCount "57"]
[EventDate "2013.??.??"]

1. e4 e6 2. d3 d5 3. Nd2 Nf6 4. g3 Bc5 5. Nb3 Bb6 6. e5 Nfd7 7. Qg4 Nxe5 8.
Qxg7 Ng6 9. h4 Rf8 10. Bg5 Qd6 11. Nf3 Nc6 12. d4 h5 13. O-O-O Bd7 14. Bd3 Nce7
15. Ne5 O-O-O 16. Bxe7 Nxe7 17. Nxf7 Rxf7 18. Qxf7 Nc6 19. c3 Rf8 20. Qxh5 Rxf2
21. Qh8+ Nd8 22. Qg7 a5 23. h5 a4 24. Nc5 Rf7 25. Qg5 e5 26. Nxd7 Qxd7 27. Qxe5
a3 28. Rdf1 Re7 29. Bf5 1-0

[Event "Hillerod Byturnering Basis 1 2013"]
[Site "Hillerod"]
[Date "2013.05.21"]
[Round "4"]
[White "Nielsen, Frode Benedikt"]
[Black "Linderod, Lars Erik"]
[Result "1/2-1/2"]
[WhiteElo "1893"]
[BlackElo "1841"]
[PlyCount "39"]
[EventDate "2013.??.??"]

1. e4 d6 2. Nc3 g6 3. Bc4 Nf6 4. d3 Bg7 5. Be3 Nc6 6. Qd2 Ng4 7. Bg5 h6 8. Bh4
Nge5 9. Bb3 Nd4 10. Ba4+ Bd7 11. Bxd7+ Qxd7 12. O-O-O O-O-O 13. h3 g5 14. Bg3
Ng6 15. Nge2 f5 16. Nxd4 Bxd4 17. f3 fxe4 18. dxe4 Be5 19. Bxe5 Nxe5 20. Qd4
1/2-1/2

[Event "Hillerod Byturnering Basis 1 2013"]
[Site "Hillerod"]
[Date "2013.05.28"]
[Round "5"]
[White "Linderod, Lars Erik"]
[Black "Borg, Flemming"]
[Result "1-0"]
[WhiteElo "1841"]
[BlackElo "1822"]
[PlyCount "57"]
[EventDate "2013.??.??"]

1. e4 c6 2. d4 d5 3. e5 Bf5 4. Nc3 e6 5. g4 Bg6 6. Nge2 Bb4 7. h4 Be4 8. Rh3 h5
9. Nf4 hxg4 10. Qxg4 g6 11. Bd3 Bf5 12. Bxf5 exf5 13. Qg3 Ne7 14. h5 Kd7 15.
Bd2 Na6 16. O-O-O Nc7 17. hxg6 Rxh3 18. Qxh3 Qh8 19. gxf7 Qxh3 20. Nxh3 Rf8 21.
Ng5 Ne6 22. Re1 Nxg5 23. Bxg5 Ke6 24. Rh1 Rxf7 25. Ne2 Ng6 26. Rh6 Rg7 27. Nf4+
Kf7 28. e6+ Ke8 29. Nxg6 1-0

[Event "Hillerod Byturnering Basis 1 2013"]
[Site "Hillerod"]
[Date "2013.06.11"]
[Round "5"]
[White "Oland, Arne"]
[Black "Samuelsen, Hans"]
[Result "1-0"]
[WhiteElo "1915"]
[BlackElo "1830"]
[PlyCount "93"]
[EventDate "2013.??.??"]

1. d4 d5 2. c4 e6 3. Nc3 Be7 4. Nf3 Nf6 5. Bf4 c6 6. e3 Ne4 7. Nxe4 dxe4 8. Nd2
f5 9. Be2 O-O 10. O-O Nd7 11. f3 g5 12. Bg3 f4 13. Bf2 exf3 14. Bxf3 Kh8 15.
exf4 gxf4 16. Re1 Nf6 17. Qc2 Qc7 18. Rad1 Bd7 19. a3 a5 20. Ne4 Rg8 21. Nc5
Bxc5 22. dxc5 e5 23. Rd6 Bg4 24. Qc3 Nd7 25. Bh4 Raf8 26. Red1 Bf5 27. b4 Rg7
28. Qe1 Qc8 29. Kh1 Qe8 30. Qe2 Bg6 31. Bg4 Bf5 32. Bxf5 Rxf5 33. Qe4 Rf8 34.
Rf1 Qh5 35. Rfd1 Qg4 36. h3 Qf5 37. Qxf5 Rxf5 38. Rxd7 Rg8 39. Re7 f3 40. g4
Rf4 41. Rdd7 Rb8 42. Rxh7+ Kg8 43. Rdg7+ Kf8 44. Be7+ Ke8 45. Bd6 f2 46. Rg8+
Rf8 47. Rxf8# 1-0

[Event "Hillerod Byturnering Basis 1 2013"]
[Site "Hillerod"]
[Date "2013.05.28"]
[Round "5"]
[White "Paulsen, Laurids"]
[Black "Nielsen, Frode Benedikt"]
[Result "0-1"]
[WhiteElo "1759"]
[BlackElo "1893"]
[PlyCount "110"]
[EventDate "2013.??.??"]

1. e4 e5 2. Nf3 Nc6 3. d4 exd4 4. Nxd4 Bc5 5. Be3 Bxd4 6. Bxd4 Nxd4 7. Qxd4 Qf6
8. c3 Qxd4 9. cxd4 Ne7 10. Nc3 a6 11. O-O-O O-O 12. f4 d6 13. Be2 b6 14. Bf3
Bb7 15. Rhe1 f5 16. g3 fxe4 17. Nxe4 Bxe4 18. Bxe4 Rae8 19. Re2 g6 20. Rde1 Kf7
21. Bd3 b5 22. Kd2 Nd5 23. f5 Rxe2+ 24. Rxe2 g5 25. Bc2 Nb6 26. Bb3+ Kf6 27. g4
d5 28. Re6+ Kg7 29. Rc6 Rf7 30. Rc5 Nc4+ 31. Bxc4 dxc4 32. Rc6 Re7 33. Rxa6 Re4
34. Kc3 Rxg4 35. Rc6 h5 36. Rxc7+ Kf6 37. Rc5 Rg2 38. Rxb5 Rxh2 39. Re5 g4 40.
a4 g3 41. Re1 g2 42. Rg1 h4 43. a5 h3 44. a6 Rh1 45. a7 Rxg1 46. a8=Q Rc1+ 47.
Kb4 g1=Q 48. Qf8+ Kg5 49. Qg7+ Kf4 50. Qe5+ Kf3 51. f6 Qg6 52. Qd5+ Kf2 53. f7
Qb1 54. Qc5 Kg2 55. Qb5 Rc2 0-1

[Event "Hillerod Byturnering Basis 1 2013"]
[Site "Hillerod"]
[Date "2013.06.04"]
[Round "6"]
[White "Borg, Flemming"]
[Black "Paulsen, Laurids"]
[Result "1-0"]
[WhiteElo "1822"]
[BlackElo "1759"]
[PlyCount "83"]
[EventDate "2013.??.??"]

1. e4 e6 2. d3 d5 3. Nd2 Nf6 4. g3 dxe4 5. dxe4 Bc5 6. Bg2 O-O 7. Ngf3 Bd7 8.
c3 Bc6 9. Qc2 a5 10. a4 Qe7 11. O-O e5 12. Re1 Nbd7 13. Nc4 Ne8 14. Be3 f6 15.
Nfd2 Nd6 16. Bxc5 Nxc5 17. Nxd6 Qxd6 18. Nc4 Qd3 19. Qxd3 Nxd3 20. Red1 Nc5 21.
f3 Nxa4 22. Rd2 b5 23. Nxa5 Rxa5 24. b3 Raa8 25. bxa4 bxa4 26. Bf1 Rfb8 27.
Rda2 Kf7 28. Kf2 Rb3 29. Ra3 Rab8 30. Ke3 Rxa3 31. Rxa3 Rb3 32. Rxb3 axb3 33.
Kd2 f5 34. Bd3 fxe4 35. Bxe4 Bxe4 36. fxe4 c5 37. c4 b2 38. Kc2 b1=Q+ 39. Kxb1
h5 40. Kc2 Ke7 41. Kb3 Kd6 42. Ka4 1-0

[Event "Hillerod Byturnering Basis 1 2013"]
[Site "Hillerod"]
[Date "2013.06.04"]
[Round "6"]
[White "Oland, Arne"]
[Black "Linderod, Lars Erik"]
[Result "0-1"]
[WhiteElo "1915"]
[BlackElo "1841"]
[PlyCount "60"]
[EventDate "2013.??.??"]

1. d4 f5 2. g3 Nf6 3. Bg2 d6 4. Nf3 g6 5. O-O Bg7 6. c4 O-O 7. Nc3 Nc6 8. Re1
e5 9. d5 Ne7 10. e4 Bd7 11. Be3 fxe4 12. Ng5 Ng4 13. Ngxe4 Nxe3 14. Rxe3 Nf5
15. Re1 Nd4 16. c5 Qe7 17. b4 Rf7 18. a4 Raf8 19. Ra2 Nf3+ 20. Bxf3 Rxf3 21.
Nb5 Bg4 22. Qc1 Rd3 23. Qc4 Rff3 24. cxd6 cxd6 25. Nexd6 Qd7 26. Ne4 a6 27.
Nbc3 Rd4 28. Qc5 Rfd3 29. h4 Bf3 30. Ng5 Bf8 0-1

[Event "Hillerod Byturnering Basis 1 2013"]
[Site "Hillerod"]
[Date "2013.06.04"]
[Round "6"]
[White "Samuelsen, Hans"]
[Black "Knudsen, Jes West"]
[Result "1-0"]
[WhiteElo "1830"]
[BlackElo "1848"]
[PlyCount "141"]
[EventDate "2013.??.??"]

1. d4 f5 2. Nc3 Nf6 3. Bg5 d5 4. Bxf6 exf6 5. e3 Be6 6. Qf3 c6 7. Bd3 Qd7 8.
Nge2 g6 9. Nf4 Bf7 10. h4 h5 11. a3 Na6 12. Qe2 Nc7 13. O-O-O O-O-O 14. Qd2 Bh6
15. Na4 b6 16. Kb1 c5 17. Nc3 g5 18. hxg5 fxg5 19. Nxh5 cxd4 20. exd4 f4 21.
Rde1 Rde8 22. Nf6 Rxe1+ 23. Rxe1 Qd6 24. Ng4 Bg7 25. Ne5 Qe6 26. Nxf7 Qxf7 27.
Nb5 Qf6 28. Nxc7 Kxc7 29. c3 g4 30. Qe2 f3 31. gxf3 gxf3 32. Qe7+ Kb8 33. Qxf6
Bxf6 34. Re3 Rh3 35. Bf5 Rh1+ 36. Ka2 Rh2 37. Rxf3 Bh4 38. Be6 Rxf2 39. Rh3 Bg5
40. Rh1 Bd2 41. Kb3 a5 42. Ka4 Bf4 43. Kb3 a4+ 44. Kxa4 Rxb2 45. Bxd5 b5+ 46.
Ka5 Bd2 47. Kb6 Kc8 48. Kc6 Kd8 49. Kd6 Bf4+ 50. Kc5 Bd2 51. Rh3 Rc2 52. Kb4
Rb2+ 53. Bb3 Bg5 54. c4 bxc4 55. Kxc4 Be7 56. a4 Rd2 57. a5 Bf6 58. d5 Kc7 59.
Rh7+ Kd6 60. Rb7 Rd4+ 61. Kb5 Rd3 62. Bc4 Ra3 63. Rb6+ Ke5 64. Re6+ Kf5 65. d6
Bd8 66. a6 Ra1 67. Re8 Rb1+ 68. Kc6 Rc1 69. Kc5 Bh4 70. Kd5 Bf6 71. Bd3+ 1-0

[Event "Hillerod Byturnering Basis 1 2013"]
[Site "Hillerod"]
[Date "2013.05.23"]
[Round "7"]
[White "Knudsen, Jes West"]
[Black "Nielsen, Frode Benedikt"]
[Result "0-1"]
[WhiteElo "1848"]
[BlackElo "1893"]
[PlyCount "90"]
[EventDate "2013.??.??"]

1. Nf3 c5 2. e4 e6 3. d4 cxd4 4. Nxd4 a6 5. c4 Nc6 6. Nxc6 bxc6 7. Nc3 Qc7 8.
Bd3 Bd6 9. Qg4 Ne7 10. f4 Bc5 11. Qxg7 Rg8 12. Qxh7 Rxg2 13. Qh3 Rg8 14. e5 d5
15. Bd2 a5 16. O-O-O Ba6 17. Na4 Bb4 18. c5 Bxd3 19. Qxd3 Nf5 20. Nb6 Rd8 21.
Bxb4 axb4 22. Qd2 Qa7 23. Qxb4 Qxa2 24. Qa3 Qxa3 25. bxa3 Rg2 26. Rdg1 Ra2 27.
Rg8+ Ke7 28. Rhg1 Rxa3 29. Rxd8 Kxd8 30. Kb2 Rf3 31. Ra1 Rxf4 32. Ra8+ Ke7 33.
Rc8 Nd4 34. Kc3 Rh4 35. Kd3 Nb5 36. Rxc6 Rh3+ 37. Kd2 Rxh2+ 38. Kc1 Re2 39. Na8
d4 40. Rb6 Nc3 41. c6 Na2+ 42. Kb1 d3 43. Rb7+ Kf8 44. c7 Nc3+ 45. Ka1 Ra2# 0-1